| 000 | 00785nam a22002295i 4500 | ||
|---|---|---|---|
| 001 | 153084 | ||
| 003 | ES-MaACL | ||
| 005 | 20230906205021.0 | ||
| 008 | 001121s1867 fr af |||| | fre d | ||
| 040 |
_aCCPB | B _bspa _cCCPB | B |
||
| 100 | 1 |
_aChampfleury. _9126445 |
|
| 245 | 1 | 0 |
_aHistoire de la caricature antique / _cpar Champfleury. |
| 250 | _a2e éd., très-augm. | ||
| 260 |
_aParis : _bE. Dentu, éditeur, _c1867 ( _fImp. Simon Raçon et comp.) |
||
| 300 |
_aXXIV, 332 p., [1] h. de grab. : _bil. ; _c19 cm. |
||
| 596 | 1 | _aFecha de 1867 tomada de v. de antep. | |
| 599 | 1 | _aLas il. y la h. de grab. son de caricaturas. | |
| 650 | 4 |
_aCaricatura- _xHistoria. _9221990 |
|
| 752 |
_aFrancia - _dParís |
||
| 852 |
_aES-MaACL _jF-6705 _z-- Enc. hol. |
||
| 999 |
_c153084 _d153084 |
||